[Event "SR 2. liga A 2016/2017"]
[Site "?"]
[Date "2017.02.11"]
[Round "8.2"]
[White "Gruca, Miroslav"]
[Black "Kapusta, Petr"]
[Result "0-1"]
[WhiteElo "2205"]
[BlackElo "2221"]
[PlyCount "92"]
[EventDate "2016.??.??"]

1. e4 c5 2. c3 d5 3. exd5 Qxd5 4. d4 e5 5. dxe5 Qxd1+ 6. Kxd1 Nc6 7. f4 Bg4+ 8.
Ke1 O-O-O 9. Nd2 f6 10. Bb5 Nge7 11. Ngf3 fxe5 12. fxe5 a6 13. Bxc6 Nxc6 14.
Kf2 Be7 15. Re1 Rhf8 16. Kg3 h5 17. h3 Be6 18. Ne4 Rd3 19. Bg5 Bxg5 20. Nexg5
Bd5 21. e6 Ne7 22. Rad1 Rxd1 23. Rxd1 Bxa2 24. Kf2 Bd5 25. b4 cxb4 26. cxb4 Rf6
27. Rc1+ Nc6 28. Rc5 Bxe6 29. Nxe6 Rxe6 30. Nd4 Rf6+ 31. Ke3 g6 32. Nxc6 Rxc6
33. Rg5 Rb6 34. Kd3 Rxb4 35. Rxg6 h4 36. Kc3 a5 37. Rg5 b6 38. Rg7 Rf4 39. Kb3
b5 40. Ka3 Re4 41. Ra7 a4 42. Rg7 Re3+ 43. Kb4 Rb3+ 44. Kc5 a3 45. Ra7 b4 46.
Kc4 Rb2 0-1

[Event "SR 2. liga A 2016/2017"]
[Site "?"]
[Date "2017.02.11"]
[Round "8.2"]
[White "Koutny, Petr"]
[Black "Slacky, Stanislav"]
[Result "0-1"]
[WhiteElo "2160"]
[BlackElo "2198"]
[PlyCount "92"]
[EventDate "2016.??.??"]

1. e4 Nf6 2. Nc3 d5 3. e5 Nfd7 4. d4 e6 5. f4 c5 6. Nf3 Nc6 7. Be3 Be7 8. Qd2
O-O 9. O-O-O cxd4 10. Nxd4 Nxd4 11. Bxd4 Nb8 12. Bd3 b6 13. Qf2 Nc6 14. Ne2 f6
15. Qh4 f5 16. Qh3 Nb4 17. Kb1 Nxd3 18. Qxd3 Bd7 19. Rhg1 Qe8 20. Nc3 Bb4 21.
h3 Bxc3 22. Qxc3 Bb5 23. Qe3 Rc8 24. g4 Rc7 25. Rd2 Qc8 26. Bc3 Rc4 27. Bd4 Be8
28. c3 Bg6 29. Ka1 Rc7 30. Rdg2 Qa6 31. Qg3 Qc4 32. Qh4 b5 33. b3 Qc6 34. b4
Qc4 35. gxf5 Bxf5 36. Qh6 Bg6 37. Rxg6 hxg6 38. Qxg6 Qc6 39. Bc5 Rxf4 40. Rg3
Rcf7 41. Qg5 d4 42. Bxd4 Rf1+ 43. Kb2 Qe4 44. Bc5 Rd7 45. Bd4 Rb1+ 46. Ka3 Qb7
0-1

[Event "SR 2. liga A 2016/2017"]
[Site "?"]
[Date "2017.02.11"]
[Round "8.2"]
[White "Koloditsova, Renata"]
[Black "Hudacek, Josef"]
[Result "1-0"]
[WhiteElo "1959"]
[BlackElo "2056"]
[PlyCount "81"]
[EventDate "2016.??.??"]

1. c4 Nf6 2. Nc3 g6 3. e4 d6 4. d4 Nbd7 5. Bg5 Bg7 6. Be2 c5 7. d5 a6 8. a4 b6
9. Qd2 h6 10. Be3 Nf8 11. f3 Rb8 12. g4 Bd7 13. h4 h5 14. g5 Ng8 15. f4 Qc7 16.
Nf3 e6 17. e5 dxe5 18. fxe5 Qb7 19. Ne4 Qc7 20. Nd6+ Ke7 21. Nf5+ Kd8 22. Nxg7
Rh7 23. d6 Qb7 24. O-O Rxg7 25. a5 Bc6 26. axb6 Nd7 27. Qc3 Qxb6 28. Ra5 Qxb2
29. Bd2 Rb3 30. Qxb2 Rxb2 31. Rd1 Bxf3 32. Bxf3 Nxe5 33. Be2 Rc2 34. Rxa6 Nxc4
35. Bxc4 Rxc4 36. Ba5+ Kd7 37. Ra7+ Kc6 38. d7 Rg4+ 39. Kf2 f5 40. Rc7+ Kb5 41.
d8=Q 1-0

[Event "SR 2. liga A 2016/2017"]
[Site "?"]
[Date "2017.02.11"]
[Round "8.2"]
[White "Berger, Patrik"]
[Black "Pusec, Pavel"]
[Result "1-0"]
[WhiteElo "1977"]
[BlackElo "1970"]
[PlyCount "81"]
[EventDate "2016.??.??"]

1. e4 d6 2. d4 Nf6 3. Nc3 g6 4. Be3 Bg7 5. Qd2 Nc6 6. O-O-O Ng4 7. Bc4 Nxe3 8.
Qxe3 e5 9. d5 Nd4 10. Nce2 Nxe2+ 11. Nxe2 O-O 12. f3 Qe7 13. Kb1 c6 14. Bb3
cxd5 15. Bxd5 Be6 16. Qb3 Bxd5 17. Qxd5 Rfd8 18. Nc3 Rac8 19. Qb3 b6 20. Nd5
Qb7 21. Rd3 Rc5 22. Rhd1 Bf8 23. g4 h6 24. h4 b5 25. h5 g5 26. Ne3 a5 27. Rc3
a4 28. Qb4 Rdc8 29. Rxc5 dxc5 30. Qd2 Rc6 31. Qd8 Qc7 32. Nf5 Qxd8 33. Rxd8 Ra6
34. Kc1 b4 35. Kd2 c4 36. Rc8 b3 37. a3 bxc2 38. Kxc2 f6 39. Nxh6+ Kh7 40. Rxf8
Kxh6 41. Rc8 1-0

[Event "SR 2. liga A 2016/2017"]
[Site "?"]
[Date "2017.02.11"]
[Round "8.2"]
[White "Koval, Michal"]
[Black "Londin, Martin"]
[Result "0-1"]
[WhiteElo "2038"]
[BlackElo "1922"]
[PlyCount "74"]
[EventDate "2016.??.??"]

1. e4 e5 2. Nf3 Nc6 3. Bc4 Nf6 4. d3 Bc5 5. c3 O-O 6. O-O d6 7. b4 Bb6 8. a4 a6
9. Nbd2 Be6 10. Bxe6 fxe6 11. Nc4 Ba7 12. Be3 Qe7 13. b5 Nd8 14. Qe2 Bxe3 15.
Nxe3 Nf7 16. Nc4 Nd7 17. d4 Qf6 18. Na5 b6 19. Nc6 a5 20. Rad1 Rae8 21. h3 Ng5
22. Rd3 Qg6 23. Nxg5 Qxg5 24. Rg3 Qf6 25. Rf3 Qg5 26. Rxf8+ Rxf8 27. Re1 Rf4
28. f3 Qf6 29. Kh2 h5 30. Rf1 h4 31. Qf2 exd4 32. cxd4 e5 33. g3 hxg3+ 34. Qxg3
Rxe4 35. Rf2 Rf4 36. dxe5 Nxe5 37. Nxe5 Qxe5 0-1

[Event "SR 2. liga A 2016/2017"]
[Site "?"]
[Date "2017.02.11"]
[Round "8.2"]
[White "Harastova, Viera"]
[Black "Cibik, Jan"]
[Result "1/2-1/2"]
[WhiteElo "1861"]
[BlackElo "1841"]
[PlyCount "44"]
[EventDate "2016.??.??"]

1. d4 d5 2. c4 c6 3. cxd5 cxd5 4. Nf3 Nf6 5. Bf4 e6 6. e3 Bd6 7. Bxd6 Qxd6 8.
Nc3 a6 9. Rc1 O-O 10. Bd3 Nc6 11. a3 e5 12. dxe5 Nxe5 13. Nxe5 Qxe5 14. O-O Ng4
15. g3 Be6 16. Be2 Nf6 17. Bf3 Rac8 18. Qd4 Qxd4 19. exd4 Rc4 20. Ne2 Rfc8 21.
Rxc4 Rxc4 22. Rc1 b5 1/2-1/2

[Event "SR 2. liga A 2016/2017"]
[Site "?"]
[Date "2017.02.11"]
[Round "8.2"]
[White "Vitazka, Juraj"]
[Black "Hrubsa, Marian"]
[Result "0-1"]
[WhiteElo "1768"]
[BlackElo "1900"]
[PlyCount "94"]
[EventDate "2016.??.??"]

1. e4 e6 2. d4 d5 3. exd5 exd5 4. Bd3 Bd6 5. Nf3 Ne7 6. O-O O-O 7. Bg5 f6 8.
Be3 c6 9. Nbd2 Bf5 10. Bxf5 Nxf5 11. Re1 Nd7 12. c3 Ne7 13. Nf1 Qe8 14. Qd2 Qb8
15. Qc2 Rf7 16. Re2 Qc7 17. Rae1 Nf8 18. Bc1 Qd7 19. Ng3 Rc8 20. Be3 Nfg6 21.
Qd2 Qg4 22. h3 Qd7 23. Nh5 Qc7 24. Qc1 Nf5 25. Bd2 Rff8 26. g3 Bxg3 27. fxg3
Nxg3 28. Nxg3 Qxg3+ 29. Rg2 Qxf3 30. Re3 Qf5 31. Qf1 Qxf1+ 32. Kxf1 Rce8 33.
Rge2 Rxe3 34. Rxe3 Kf7 35. Rf3 Re8 36. b3 Re4 37. Be1 Rf4 38. Kf2 Rxf3+ 39.
Kxf3 Ke6 40. Bg3 Ne7 41. h4 Nf5 42. Bf2 h5 43. Kf4 Nd6 44. Be1 Ne4 45. c4 g5+
46. hxg5 fxg5+ 47. Kf3 Kf5 0-1

[Event "SR 2. liga A 2016/2017"]
[Site "?"]
[Date "2017.02.11"]
[Round "8.3"]
[White "Hacik, Radomir"]
[Black "Jablonicky, Martin"]
[Result "0-1"]
[WhiteElo "2163"]
[BlackElo "2270"]
[PlyCount "66"]
[EventDate "2016.??.??"]

1. e4 e5 2. Nf3 Nc6 3. Bb5 a6 4. Ba4 Nf6 5. O-O Be7 6. Re1 b5 7. Bb3 d6 8. c3
O-O 9. d3 Na5 10. Bc2 c5 11. Nbd2 Re8 12. Nf1 Bf8 13. d4 cxd4 14. cxd4 Bg4 15.
d5 Nb7 16. b4 a5 17. Bd3 axb4 18. Bxb5 Bd7 19. Bxd7 Qxd7 20. Bg5 Be7 21. Qd2
Nc5 22. Ng3 b3 23. Bxf6 Bxf6 24. Reb1 Ra4 25. Qd1 Rxa2 26. Nd2 Rxa1 27. Rxa1
Rb8 28. Rb1 Qb5 29. Nf5 Qd3 30. Nxd6 b2 31. Qe1 Bg5 32. N6c4 Bxd2 33. Nxd2 Na4
0-1

[Event "SR 2. liga A 2016/2017"]
[Site "?"]
[Date "2017.02.11"]
[Round "8.3"]
[White "Danada, Tomas"]
[Black "Privara, Igor"]
[Result "1-0"]
[WhiteElo "2222"]
[BlackElo "2154"]
[PlyCount "57"]
[EventDate "2016.??.??"]

1. g3 Nf6 2. Bg2 c5 3. e4 Nc6 4. Nc3 g6 5. d3 Bg7 6. Be3 d6 7. Qd2 Rb8 8. Bh6
O-O 9. Bxg7 Kxg7 10. Nf3 b5 11. O-O b4 12. Nd1 Qb6 13. Re1 e6 14. Ne3 Qc7 15.
h3 d5 16. Nh2 dxe4 17. dxe4 Rd8 18. Qc1 h5 19. f4 Nd4 20. c3 bxc3 21. bxc3 Nb5
22. a4 h4 23. axb5 hxg3 24. Nhg4 Nh5 25. f5 exf5 26. Nxf5+ Bxf5 27. Qh6+ Kg8
28. exf5 Qf4 29. Nf6+ 1-0

[Event "SR 2. liga A 2016/2017"]
[Site "?"]
[Date "2017.02.11"]
[Round "8.3"]
[White "Sulek, Viliam"]
[Black "Slobodnik, Michal"]
[Result "0-1"]
[WhiteElo "2045"]
[BlackElo "2099"]
[PlyCount "64"]
[EventDate "2016.??.??"]

1. e4 Nf6 2. d3 d5 3. e5 Nfd7 4. f4 c5 5. Nc3 Nb6 6. Nf3 Bg4 7. h3 Bxf3 8. Qxf3
e6 9. g3 Nc6 10. Bg2 Nd4 11. Qf2 Rc8 12. O-O Be7 13. a4 O-O 14. Nb5 f6 15. exf6
Bxf6 16. Kh2 Qd7 17. Nc3 a5 18. Bf3 Nxf3+ 19. Qxf3 Bxc3 20. bxc3 Nxa4 21. Bd2
c4 22. d4 b5 23. Qe2 Rb8 24. Rfe1 Rb6 25. Qg4 b4 26. Reb1 Rfb8 27. f5 exf5 28.
Qf3 b3 29. cxb3 Rxb3 30. Re1 Rb2 31. Re2 Re8 32. Rae1 Rxd2 0-1

[Event "SR 2. liga A 2016/2017"]
[Site "?"]
[Date "2017.02.11"]
[Round "8.3"]
[White "Jablonicky, Frantisek"]
[Black "Nestorenko, Dmitry"]
[Result "0-1"]
[WhiteElo "2085"]
[BlackElo "2130"]
[PlyCount "80"]
[EventDate "2016.??.??"]

1. Nf3 d5 2. e3 e6 3. c4 c6 4. Nc3 Bd6 5. e4 dxe4 6. Nxe4 Bc7 7. d4 Nf6 8.
Nxf6+ Qxf6 9. a3 h6 10. Bd3 Nd7 11. Qe2 e5 12. Nxe5 Nxe5 13. f4 Bg4 14. Qe3
Qxf4 15. dxe5 Qxe3+ 16. Bxe3 Bxe5 17. O-O O-O-O 18. Bf5+ Bxf5 19. Rxf5 Bxb2 20.
Rb1 Bf6 21. Bxa7 Rd3 22. a4 Rhd8 23. a5 Rd1+ 24. Rxd1 Rxd1+ 25. Kf2 Kd7 26. Be3
Ke6 27. g4 Be5 28. Rh5 Ra1 29. Bb6 Ra2+ 30. Kg1 Rc2 31. c5 Bf4 32. Rh3 Rd2 33.
Rh5 g6 34. Rh3 Kd5 35. Rb3 Bxh2+ 36. Kf1 Be5 37. Ba7 Rb2 38. Rf3 f6 39. Rd3+
Ke4 40. Rd7 Kf3 0-1

[Event "SR 2. liga A 2016/2017"]
[Site "?"]
[Date "2017.02.11"]
[Round "8.3"]
[White "Kostolansky, Sebastian Lukas"]
[Black "Horecky, Peter"]
[Result "1-0"]
[WhiteElo "2083"]
[BlackElo "2012"]
[PlyCount "37"]
[EventDate "2016.??.??"]

1. e4 e6 2. d4 d5 3. Nd2 Nf6 4. e5 Nfd7 5. Bd3 c5 6. c3 Nc6 7. Ne2 cxd4 8. cxd4
Qb6 9. Nf3 Bb4+ 10. Bd2 f6 11. exf6 Nxf6 12. O-O Bxd2 13. Qxd2 O-O 14. Rac1 Bd7
15. h3 Rae8 16. Ne5 Nxe5 17. dxe5 Ne4 18. Bxe4 dxe4 19. Qxd7 1-0

[Event "SR 2. liga A 2016/2017"]
[Site "?"]
[Date "2017.02.11"]
[Round "8.3"]
[White "Zigo, Rastislav"]
[Black "Cambel, Vladimir"]
[Result "1/2-1/2"]
[WhiteElo "1983"]
[BlackElo "2010"]
[PlyCount "73"]
[EventDate "2016.??.??"]

1. e4 Nf6 2. e5 Nd5 3. d4 d6 4. Nf3 Nb6 5. Be2 g6 6. O-O Bg7 7. Bf4 O-O 8. Qd2
Re8 9. Nc3 Nc6 10. Rad1 Bg4 11. Rfe1 dxe5 12. Nxe5 Nxe5 13. Bxe5 Bxe5 14. dxe5
Qxd2 15. Rxd2 Bxe2 16. Rdxe2 Rad8 17. g3 c6 18. f4 Rd4 19. Kf2 Red8 20. b3 Nd5
21. Ne4 b6 22. a3 Kg7 23. c4 Nc7 24. Re3 a5 25. h3 R8d7 26. Ng5 Ne6 27. Nxe6+
fxe6 28. R1e2 a4 29. Rc2 h6 30. bxa4 Rd2+ 31. Rxd2 Rxd2+ 32. Kf3 Rc2 33. Rb3
Rxc4 34. Rxb6 Rxa4 35. Rxc6 Rxa3+ 36. Kg4 Kf7 37. Rc8 1/2-1/2

[Event "SR 2. liga A 2016/2017"]
[Site "?"]
[Date "2017.02.11"]
[Round "8.3"]
[White "Sturc, Jan"]
[Black "Lukacovic, Miroslav"]
[Result "1-0"]
[WhiteElo "1974"]
[BlackElo "1968"]
[PlyCount "49"]
[EventDate "2016.??.??"]

1. e4 b6 2. d4 Bb7 3. Nc3 e6 4. Nf3 Bb4 5. Bd3 Nf6 6. Qe2 d5 7. exd5 Nxd5 8.
Bd2 Nxc3 9. bxc3 Be7 10. O-O Nd7 11. Rab1 O-O 12. c4 c5 13. c3 Bf6 14. Bf4 Qc8
15. h4 Re8 16. Rfe1 Qc6 17. Qc2 h6 18. Bh7+ Kh8 19. Be4 Qc8 20. Ng5 Bxe4 21.
Nxe4 Qc6 22. Rbd1 Bxh4 23. Nd6 Rf8 24. d5 exd5 25. cxd5 1-0

[Event "SR 2. liga A 2016/2017"]
[Site "?"]
[Date "2017.02.11"]
[Round "8.3"]
[White "Sipkovsky, Ladislav"]
[Black "Zetocha, Adrian"]
[Result "0-1"]
[WhiteElo "1831"]
[BlackElo "1987"]
[PlyCount "134"]
[EventDate "2016.??.??"]

1. e4 c6 2. b3 d5 3. e5 c5 4. Bb2 Nc6 5. Bb5 Bf5 6. Ne2 e6 7. Ng3 Bg6 8. Bxc6+
bxc6 9. d3 Ne7 10. Nd2 Rb8 11. Qe2 h5 12. h4 Nc8 13. Nf3 Be7 14. Bc1 Qa5+ 15.
Qd2 Qb5 16. Ne2 Nb6 17. c4 Qa6 18. Qc3 Bd8 19. Bg5 Na4 20. Qc1 Ba5+ 21. Bd2 Nb6
22. Bxa5 Qxa5+ 23. Qd2 Qxd2+ 24. Kxd2 Bf5 25. Ng3 Bg4 26. Ne1 g6 27. f3 Bf5 28.
Rg1 Nd7 29. f4 Bg4 30. Nf1 a5 31. Ne3 Ke7 32. Nxg4 hxg4 33. g3 d4 34. Nc2 Rb7
35. Rh1 Nb6 36. Na3 Rhb8 37. Kc2 a4 38. Nb1 axb3+ 39. axb3 Nxc4 40. dxc4 Rxb3
41. Rg1 R8b4 42. Ra2 d3+ 43. Kd2 Rxb1 44. Rxb1 Rxb1 45. Ra3 Rb2+ 46. Kxd3 Rg2
47. Ke4 Rg1 48. Re3 Kd7 49. Kd3 Rg2 50. Kc3 Kc7 51. Kb3 Kb6 52. Ka4 Ka6 53. Rc3
Rf2 54. Rc1 Rf3 55. Rd1 Rxg3 56. Rd7 Rf3 57. Rxf7 g5 58. Rg7 gxh4 59. Rxg4 h3
60. Rh4 Kb6 61. Rh6 Rxf4 62. Rxh3 Rxc4+ 63. Kb3 Re4 64. Rh5 c4+ 65. Kb4 c5+ 66.
Kc3 Kc6 67. Rg5 Kd5 0-1

[Event "SR 2. liga A 2016/2017"]
[Site "?"]
[Date "2017.02.11"]
[Round "8.4"]
[White "Ruckschloss, Karol"]
[Black "Karas, Marek"]
[Result "1/2-1/2"]
[WhiteElo "2257"]
[BlackElo "2218"]
[PlyCount "84"]
[EventDate "2016.??.??"]

1. c4 Nf6 2. d4 c5 3. Nf3 e6 4. Nc3 cxd4 5. Nxd4 Bb4 6. Qb3 Bc5 7. e3 Nc6 8.
Nc2 O-O 9. a3 d5 10. Be2 b6 11. cxd5 exd5 12. O-O Be6 13. Qa4 Ne5 14. b4 Be7
15. Nd4 Qc7 16. Bb2 Nc4 17. Bxc4 Qxc4 18. Rac1 Qd3 19. Qc2 Qxc2 20. Rxc2 Rac8
21. Rfc1 Bd7 22. f3 a6 23. g4 h6 24. h4 g5 25. hxg5 hxg5 26. b5 axb5 27. Ncxb5
Rxc2 28. Rxc2 Bc5 29. Kf2 Kh7 30. Nc3 Re8 31. Rd2 Kg6 32. Nc2 Be6 33. Nb5 Rh8
34. Kg2 Rc8 35. Be5 Nd7 36. Bg3 Be7 37. Nb4 Rc5 38. Nc7 Nf6 39. Be5 Bd8 40.
Bxf6 Bxc7 41. Bb2 Rc4 42. Kf1 Rc5 1/2-1/2

[Event "SR 2. liga A 2016/2017"]
[Site "?"]
[Date "2017.02.11"]
[Round "8.4"]
[White "Jozefek, Michal"]
[Black "Janos, Martin"]
[Result "0-1"]
[WhiteElo "2199"]
[BlackElo "2205"]
[PlyCount "116"]
[EventDate "2016.??.??"]

1. d4 Nc6 2. Nf3 d6 3. Bf4 Nf6 4. h3 e6 5. e3 Be7 6. Nbd2 Nd5 7. Bg3 f5 8. c4
Nf6 9. Rc1 Nb8 10. Bd3 O-O 11. O-O c6 12. e4 Nh5 13. Bh2 g6 14. Re1 f4 15. b4
Nd7 16. Qb3 Kh8 17. e5 d5 18. Rc2 Rf7 19. Rec1 Ng7 20. b5 Nf8 21. cxd5 cxd5 22.
Rc7 Ne8 23. R7c2 Bd7 24. Ne1 g5 25. Be2 Ng7 26. Nd3 Nf5 27. Qb2 Rg7 28. Nc5 Be8
29. Nxb7 Qb6 30. Nc5 Bg6 31. Ndb3 Nh4 32. Rc3 Bf5 33. a4 Qd8 34. Nd2 Qe8 35.
Bg4 h5 36. Bxf5 Nxf5 37. Rb3 Bd8 38. Qc3 Ng6 39. a5 g4 40. Kf1 Bg5 41. b6 axb6
42. axb6 Ngh4 43. hxg4 hxg4 44. b7 Rb8 45. Rb6 g3 46. Bg1 gxf2 47. Bxf2 Ne3+
48. Ke2 Bd8 49. Rxe6 Qh5+ 50. Kd3 Rxg2 51. Nde4 Qf3 52. Re8+ Kh7 53. Ng5+ Bxg5
54. Rxb8 Nd1+ 55. Kc2 Qxc3+ 56. Kxd1 Qf3+ 57. Kc2 Qxf2+ 58. Kb3 Qa2+ 0-1

[Event "SR 2. liga A 2016/2017"]
[Site "?"]
[Date "2017.02.11"]
[Round "8.4"]
[White "Janos, Jozef"]
[Black "Nemeckay, Rastislav"]
[Result "1-0"]
[WhiteElo "2135"]
[BlackElo "1990"]
[PlyCount "85"]
[EventDate "2016.??.??"]

1. e4 e5 2. Nf3 Nc6 3. Bc4 Be7 4. O-O Nf6 5. Re1 O-O 6. Nc3 d6 7. h3 Na5 8. Bf1
c5 9. a3 Nc6 10. d3 a6 11. Rb1 b5 12. b4 Qc7 13. Bd2 Bb7 14. Nd5 Nxd5 15. exd5
Nd4 16. c4 Bf6 17. Nh2 Bc8 18. Ng4 Bxg4 19. hxg4 g6 20. Rc1 Qb6 21. bxc5 dxc5
22. Rb1 Qd6 23. Re4 Bg7 24. g5 f5 25. gxf6 Rxf6 26. Be3 Rb8 27. Bxd4 cxd4 28.
Qb3 Rff8 29. Qb4 Rfd8 30. Qxd6 Rxd6 31. g3 Rdd8 32. Rc1 Bf8 33. Rxe5 Bxa3 34.
Ra1 b4 35. c5 b3 36. c6 b2 37. Rb1 Bd6 38. Re2 Rb5 39. Rexb2 Rxd5 40. Bg2 Rc5
41. Rb7 Rc8 42. Rd7 Be5 43. f4 1-0

[Event "SR 2. liga A 2016/2017"]
[Site "?"]
[Date "2017.02.11"]
[Round "8.4"]
[White "Diviak, Rastislav"]
[Black "Kolcak, Marek"]
[Result "0-1"]
[WhiteElo "1967"]
[BlackElo "2155"]
[PlyCount "84"]
[EventDate "2016.??.??"]

1. e4 e6 2. d4 d5 3. Nd2 Nf6 4. e5 Nfd7 5. Bd3 c5 6. c3 Nc6 7. Ne2 cxd4 8. cxd4
f6 9. exf6 Nxf6 10. O-O Bd6 11. Nf3 O-O 12. Bf4 Bxf4 13. Nxf4 Ne4 14. Qc1 Ng5
15. Nxg5 Qxg5 16. Ne2 Qf6 17. Qd2 Bd7 18. Rac1 a5 19. Rc5 Rac8 20. Rc3 Nb4 21.
Bb1 Bb5 22. Rf3 Qe7 23. Rxf8+ Rxf8 24. Re1 Bxe2 25. Qxe2 Rf6 26. Qb5 Nc6 27.
Qd3 Rh6 28. Qb5 Qb4 29. Qxb4 axb4 30. Rc1 Rh4 31. Bd3 Rxd4 32. Bb5 Rd2 33. Bxc6
bxc6 34. Kf1 Rxb2 35. Rxc6 Rxa2 36. Rb6 Rb2 37. Rxe6 b3 38. Rb6 d4 39. g3 d3
40. Ke1 Re2+ 41. Kd1 b2 42. Rb7 Rxf2 0-1

[Event "SR 2. liga A 2016/2017"]
[Site "?"]
[Date "2017.02.11"]
[Round "8.4"]
[White "Fabry, Robert"]
[Black "Ocko, Martin"]
[Result "1-0"]
[WhiteElo "2095"]
[BlackElo "1947"]
[PlyCount "93"]
[EventDate "2016.??.??"]

1. e4 c5 2. Nf3 Nc6 3. d4 cxd4 4. Nxd4 g6 5. Nc3 Bg7 6. Be3 Nf6 7. Be2 O-O 8.
O-O d5 9. exd5 Nxd5 10. Nxd5 Qxd5 11. Bf3 Qd7 12. Nxc6 bxc6 13. Qxd7 Bxd7 14.
Rad1 Be6 15. b3 Rac8 16. Bc5 Bf6 17. Be4 Rfd8 18. Bxa7 Rxd1 19. Rxd1 Ra8 20.
Be3 Rxa2 21. Bh6 Ra1 22. Rxa1 Bxa1 23. Bxc6 Bc3 24. Be4 Bd7 25. f3 f6 26. Be3
e5 27. Kf2 Bb5 28. Bc5 f5 29. Bd5+ Kg7 30. Be7 h6 31. Ke3 g5 32. g4 Bd4+ 33.
Kd2 Bg1 34. c4 Bd7 35. h3 e4 36. b4 e3+ 37. Ke2 h5 38. gxf5 Bxf5 39. Bxg5 Bxh3
40. Bxe3 Bf1+ 41. Kd2 Bxe3+ 42. Kxe3 Kf6 43. b5 Ke7 44. b6 Kd8 45. c5 h4 46.
Kf4 h3 47. Kg3 1-0

[Event "SR 2. liga A 2016/2017"]
[Site "?"]
[Date "2017.02.11"]
[Round "8.4"]
[White "Sobek, Michal"]
[Black "Mikulas, Dusan"]
[Result "1/2-1/2"]
[WhiteElo "1954"]
[BlackElo "2076"]
[PlyCount "55"]
[EventDate "2016.??.??"]

1. e4 c5 2. Nc3 Nc6 3. Nf3 d6 4. d4 cxd4 5. Nxd4 Nf6 6. Bb5 Bd7 7. Bg5 e6 8.
Bxc6 bxc6 9. Qf3 Qb6 10. O-O-O Be7 11. Nb3 e5 12. Bxf6 gxf6 13. Rxd6 Bxd6 14.
Qxf6 Rg8 15. Qxd6 O-O-O 16. Qxe5 Qxf2 17. g3 Be6 18. Qa5 Bxb3 19. axb3 Rd2 20.
Qa6+ Kb8 21. Rf1 Rxc2+ 22. Kb1 Rxb2+ 23. Ka1 Qc2 24. Qa3 Rxb3 25. Qd6+ Ka8 26.
Qxc6+ Kb8 27. Qd6+ Ka8 28. Qc6+ 1/2-1/2

[Event "SR 2. liga A 2016/2017"]
[Site "?"]
[Date "2017.02.11"]
[Round "8.5"]
[White "Schwarz, Dusan"]
[Black "Straka, Jozef"]
[Result "1-0"]
[WhiteElo "2303"]
[BlackElo "2274"]
[PlyCount "97"]
[EventDate "2016.??.??"]

1. d4 Nf6 2. c4 a6 3. Nc3 c5 4. d5 b5 5. cxb5 axb5 6. Nxb5 d6 7. Nc3 Ba6 8. f4
g6 9. Nf3 Bg7 10. e4 Bxf1 11. Rxf1 O-O 12. e5 Ne8 13. Be3 Nd7 14. Qe2 Nc7 15.
Rd1 Qb8 16. h4 Qb4 17. a3 Qb3 18. Bc1 f6 19. e6 Nb6 20. f5 Nbxd5 21. Nxd5 Nxd5
22. fxg6 hxg6 23. Qe4 Nc7 24. Qxg6 Qxe6+ 25. Kf2 f5 26. Qxe6+ Nxe6 27. Rfe1 Kf7
28. Rd5 Bd4+ 29. Kf1 Kf6 30. Bg5+ Nxg5 31. hxg5+ Kf7 32. Nxd4 cxd4 33. Rxf5+
Kg6 34. Rxf8 Rxf8+ 35. Ke2 Kxg5 36. b4 e5 37. b5 Rc8 38. Rb1 Rc2+ 39. Kd1 Rxg2
40. b6 d3 41. Rb4 e4 42. Rxe4 Kf5 43. Rb4 Rg8 44. b7 Rb8 45. a4 Ke6 46. a5 Kd7
47. a6 Kc7 48. a7 Rxb7 49. Rc4+ 1-0

[Event "SR 2. liga A 2016/2017"]
[Site "?"]
[Date "2017.02.11"]
[Round "8.5"]
[White "Maslikova, Veronika"]
[Black "Vlcek, Stanislav"]
[Result "1/2-1/2"]
[WhiteElo "2239"]
[BlackElo "2280"]
[PlyCount "28"]
[EventDate "2016.??.??"]

1. e4 c5 2. Nf3 d6 3. d3 g6 4. g3 Bg7 5. Bg2 Nc6 6. O-O Nf6 7. c3 O-O 8. h3 c4
9. Re1 cxd3 10. Qxd3 Be6 11. Na3 Qa5 12. Qb5 Rfc8 13. Qxa5 Nxa5 14. Nd4 Nc4
1/2-1/2

[Event "SR 2. liga A 2016/2017"]
[Site "?"]
[Date "2017.02.11"]
[Round "8.5"]
[White "Dudas, Jan"]
[Black "Sosovicka, Juraj"]
[Result "1-0"]
[WhiteElo "2207"]
[BlackElo "2167"]
[PlyCount "49"]
[EventDate "2016.??.??"]

1. e4 b6 2. d4 Bb7 3. Bd3 e6 4. Nf3 c5 5. c3 Nf6 6. e5 Nd5 7. Ng5 Be7 8. Qh5 g6
9. Qh6 Bf8 10. Qh3 cxd4 11. cxd4 Nb4 12. Ne4 Nxd3+ 13. Qxd3 Bxe4 14. Qxe4 Nc6
15. Nc3 Bb4 16. O-O Bxc3 17. bxc3 O-O 18. Bh6 Re8 19. Qf4 Qe7 20. Rad1 Rac8 21.
Rd3 f5 22. exf6 Qf7 23. Re1 Na5 24. Rh3 Nc4 25. Bg7 1-0

[Event "SR 2. liga A 2016/2017"]
[Site "?"]
[Date "2017.02.11"]
[Round "8.5"]
[White "Duben, Igor"]
[Black "Vrbova, Niki"]
[Result "1-0"]
[WhiteElo "2233"]
[BlackElo "2201"]
[PlyCount "113"]
[EventDate "2016.??.??"]

1. d4 Nf6 2. Nf3 g6 3. g3 d6 4. Bg2 Bg7 5. O-O O-O 6. c4 Nbd7 7. Nc3 c5 8. h3
a6 9. e4 cxd4 10. Nxd4 Qc7 11. Qe2 Nc5 12. Be3 Ne6 13. Nxe6 fxe6 14. Rac1 Bd7
15. Rfd1 Rac8 16. b3 Bc6 17. Bd4 e5 18. Be3 Qd7 19. Nd5 Qe6 20. a4 Qf7 21.
Nxf6+ Bxf6 22. a5 Bd7 23. Qd2 Be6 24. Rc2 Rfd8 25. Qb4 Rd7 26. Rdc1 g5 27. Qd2
Qh5 28. Qd1 Qf7 29. Qe2 Rdc7 30. Kh2 h6 31. Bf3 Kh7 32. Bh5 Qg8 33. Bb6 Rc6 34.
Bg4 Bg7 35. Rc3 Rf8 36. R1c2 Qf7 37. Bh5 Qg8 38. Qd3 Bf7 39. Bxf7 Qxf7 40. b4
Qh5 41. Kg2 g4 42. hxg4 Qxg4 43. b5 Rcc8 44. bxa6 bxa6 45. c5 dxc5 46. Rxc5
Rxc5 47. Rxc5 h5 48. Rc1 Bh6 49. Rh1 Bg5 50. f3 Qe6 51. Rxh5+ Kg6 52. Rh1 Qa2+
53. Bf2 Qxa5 54. Qd7 Qa2 55. Qg4 Qd2 56. Rh5 Rf6 57. f4 1-0

[Event "SR 2. liga A 2016/2017"]
[Site "?"]
[Date "2017.02.11"]
[Round "8.5"]
[White "Cech, Dominik"]
[Black "Sosovicka, Matej"]
[Result "1/2-1/2"]
[WhiteElo "2212"]
[BlackElo "2201"]
[PlyCount "94"]
[EventDate "2016.??.??"]

1. e4 e5 2. Nf3 Nc6 3. Bb5 a6 4. Ba4 Nf6 5. Bxc6 bxc6 6. O-O d6 7. d4 exd4 8.
Qxd4 Be7 9. Nc3 O-O 10. Bg5 h6 11. Bh4 Nd7 12. Bxe7 Qxe7 13. Rfe1 Re8 14. Qc4
Bb7 15. Re3 Qf6 16. Rae1 Ne5 17. Nxe5 Rxe5 18. f4 Rc5 19. Qb4 Bc8 20. e5 Qf5
21. exd6 cxd6 22. Qd4 Be6 23. Qxd6 Rc4 24. g3 Qc5 25. Qxc5 Rxc5 26. Rd1 Rb8 27.
b3 Bf5 28. Rd2 Kf8 29. Ne4 Ra5 30. Nc3 Rc5 31. Ne4 Ra5 32. Nd6 Be6 33. a4 Rd5
34. Nc4 Rxd2 35. Nxd2 Rd8 36. Rd3 Rxd3 37. cxd3 Ke7 38. Kf2 Kd6 39. d4 c5 40.
Ke3 Kd5 41. dxc5 Kxc5 42. Kd3 Kb4 43. Kc2 a5 44. Kb2 Bd5 45. Kc2 Be6 46. Kb2
Bg4 47. Kc2 Be6 1/2-1/2

[Event "SR 2. liga A 2016/2017"]
[Site "?"]
[Date "2017.02.11"]
[Round "8.5"]
[White "Oprea, Erik"]
[Black "Petrik, Stanislav"]
[Result "1-0"]
[WhiteElo "2163"]
[BlackElo "2134"]
[PlyCount "57"]
[EventDate "2016.??.??"]

1. c4 Nf6 2. d4 e6 3. Nc3 Bb4 4. Qc2 c5 5. a3 Bxc3+ 6. bxc3 Nc6 7. Nf3 d6 8. e4
e5 9. d5 Na5 10. Rb1 h6 11. Bd3 b6 12. h3 Nh5 13. g3 Qf6 14. Qe2 g6 15. Be3 Bd7
16. Nd2 Ba4 17. O-O O-O-O 18. Kg2 Rde8 19. Rb2 Nf4+ 20. gxf4 exf4 21. Qg4+ Bd7
22. Qxf4 Qxc3 23. Rfb1 Qxd3 24. Qxd6 Nb7 25. Qf6 Qxa3 26. Rb3 Qa6 27. Ra1 Na5
28. Bxc5 Kb7 29. Bb4 1-0

[Event "SR 2. liga A 2016/2017"]
[Site "?"]
[Date "2017.02.11"]
[Round "8.5"]
[White "Kovacova, Zuzana"]
[Black "Kucera, Michal"]
[Result "1-0"]
[WhiteElo "2096"]
[BlackElo "1929"]
[PlyCount "55"]
[EventDate "2016.??.??"]

1. e4 c5 2. Nc3 Nc6 3. g3 g6 4. Bg2 Bg7 5. d3 d6 6. Be3 Rb8 7. Qd2 e6 8. Nh3 b5
9. O-O Nge7 10. Bh6 O-O 11. Bxg7 Kxg7 12. f4 b4 13. Ne2 Qb6 14. Kh1 f5 15. Rae1
Bb7 16. Ng5 Nd8 17. Ng1 fxe4 18. Nxe4 Nf7 19. Nf3 h6 20. Nf2 e5 21. Ng4 Bxf3
22. Rxf3 Nc6 23. Ref1 Nd4 24. R3f2 Qc7 25. fxe5 dxe5 26. Rxf7+ Rxf7 27. Qxh6+
Kg8 28. Bd5 1-0